01181nam a2200313Ia 4500001000700000003000500007008004100012010001100053040000900064090001600073100003800089245010100127260004100228300001000269502007600279650002900355650003700384650003400421650003700455650003100492901001600523902000600539910000900545942000600554942000600560999001900566952014100585952014100726Z_2242CHAP220113s1994 xx 000 0 und d a165298 cCHAP aTesis S 921 aSánchez Posadas, Israel9107763 aEstimación de parámetros genéticos sobre peso al destete /cpor Israel Sánchez Posadas aChapingo, Méx. :bEl autor,c1994 a81 h. aTesis (Ing. Agr. Esp. en Zootecnia) -- UACH. Departamento de Zootecnia aBorrego Pelibuey 913937 aGanado lanarxCrecimiento945166 aGanado lanarxDestete 945169 aGanado lanarxGenética 945182 aGanado lanarxPeso 945211 aTESIS S 921 aM a1994 c2 c2 c165298d165298 00102local4051708TESISaZbZd2005-11-09eEl autorl0oTesis S26 921 1994p5101001342r2022-01-18 00:00:00tEj.1w2022-01-18yTESIS 00102local4055708TESISaZbZd2005-11-09eEl autorl0oTesis S26 921 1994p5101001343r2022-01-18 00:00:00tEj.2w2022-01-18yTESIS